Poetic creativity of seamus heaney : (Record no. 143440)

MARC details
000 -LEADER
fixed length control field 00618nam a22001937a 4500
005 - DATE AND TIME OF LATEST TRANSACTION
control field 20170817102844.0
010 ## - LCCN (DPL NO)
LC control number ENG-119827
020 ## - INTERNATIONAL STANDARD BOOK NUMBER
International Standard Book Number 9788171921362
Terms of availability 999.00
035 ## - SYSTEM CONTROL NUMBER
System control number EN-103359
037 ## - SOURCE OF ACQUISITION
Source of stock number/acquisition DBAD/PUB
082 ## - DEWEY DECIMAL CLASSIFICATION NUMBER
Classification number 881
100 ## - MAIN ENTRY--PERSONAL NAME
Personal name Kulkarni, Meenakshi Jayant
245 ## - TITLE STATEMENT
Title Poetic creativity of seamus heaney :
Remainder of title a critique /
Statement of responsibility, etc by Meenakshi Jayant Kulkarni
260 ## - PUBLICATION, DISTRIBUTION, ETC. (IMPRINT)
Place of publication, distribution, etc Nagpur
Name of publisher, distributor, etc Dattsons
Date of publication, distribution, etc 2017
270 ## - ADDRESS
Address Jawaharlal Nehru Marg Sadar,
City Nagpur
Postal code 440001
300 ## - PHYSICAL DESCRIPTION
Extent xiii,216p.
Dimensions 23cm(Hb)
500 ## - GENERAL NOTE
General note Includes bibliographical references and index
942 ## - ADDED ENTRY ELEMENTS (KOHA)
Source of classification or shelving scheme Dewey Decimal Classification
Item type English Books
Classification part 881
Call number suffix KUL
Holdings
Withdrawn status Lost status Not for loan Collection code Home library Current library Date acquired Source of acquisition Cost, normal purchase price Full call number Barcode Copy number Cost, replacement price Koha item type
      Non-fiction Bawana Bawana 17/08/2017 DBAD/PUB 999.00 881 KUL EN-103359 1 999.00 English Books

© Delhi Public Library
Hit Counter
free hit counter